Parole LOVE D'UN VOYOU de Fababy et Aya Nakamura - Statistiques

Statistiques générales
  • Ce quiz a été pris 623 fois
  • Le résultat moyen est 330 sur 417
Statistiques - réponses
Réponse % Correct
Aya Je
99%
je
99%
à
98%
a
98%
du
97%
la
97%
97%
j'suis
96%
Aya J'suis
96%
le
96%
Aya Le
96%
ma
96%
de
95%
en
95%
love
95%
me
95%
voyou
95%
(voyou)
95%
BAC
93%
des
93%
il
93%
tes
93%
Fab T'es
93%
t'es
93%
d'avoir
92%
d'un
92%
FAC
92%
tombée
92%
dans
91%
j'ai
91%
Fab J'ai
91%
par
91%
tu
91%
un
91%
j'viens
90%
rentre
90%
chambre
89%
bonnes
88%
livres
88%
mes
88%
nuit
88%
vont
88%
betises
87%
ils
87%
jour
87%
Fab moi
87%
Fab Moi
87%
notes
87%
nous
87%
quand
87%
Aya si
87%
Si
87%
toujours
87%
entre
86%
et
86%
Aya Et
86%
guerre
86%
m'abattre
86%
pleurer
86%
ville
86%
ça
85%
grandi
85%
Fab pisté
85%
arretes
84%
bruit
84%
faut
84%
gangs
84%
professeurs
84%
finir
83%
m'aimes
83%
menottes
83%
pas
82%
Aya aimée
81%
besoin
81%
j'connais
80%
que
80%
fille
79%
m'fais
79%
Aya petite
79%
Aya plongée
79%
secteur
79%
au
78%
grandir
78%
devenue
77%
doit
77%
Fab j'passe
76%
Fab on
76%
passe
75%
rire
74%
d'sommeil
73%
larmes
73%
plane
73%
aux
71%
qu'le
71%
d'soleil
70%
dame
69%
ce
65%
drame
63%
les
61%
pour
61%
ta
59%
est
57%
souvent
54%
amoureuse
51%
vie
51%
fait
50%
mon
50%
mère
49%
trop
49%
d'la
48%
prie
48%
47%
c'est
46%
fils
46%
rien
46%
penses
45%
espère
43%
qu'il
43%
non
42%
sans
42%
t'arrive
42%
temps
42%
lieu
41%
T'as
41%
milieu
40%
banlieue
39%
j'veux
38%
noir
38%
peur
38%
commis
37%
Fab j'recherche
37%
délits
36%
tout
36%
dangereuse
35%
sourires
35%
Cette
34%
lumière
34%
qu'on
34%
lire
33%
vécu
33%
car
32%
lignes
32%
oublie
31%
rires
31%
fous
30%
J'sais
29%
j't'esquive
28%
l'espoir
28%
m'fait
27%
vivre
27%
j'aime
26%
pendant
26%
j'tapelle
23%
puis
23%
mourir
22%
nakamura
18%
Aya
17%
Aucun quiz correspondant
Distribution des résultats
% des personnes avec chaque résultat
Percentile par nombre de réponses
Votre historique - résultats
Vous n’avez pas pris ce quiz